000 00561nam a2200193 a 4500
001 BRCA_2790
005 20190320203953.0
008 081208s1961----fr-a---###---#000-0#fre-#
050 4 _aNK2600
_b.F39 1961
100 1 _aFayet, Monique de
_97834
245 1 0 _aMeubles et ensembles
_bRenaissance espagnole
_cMonique de Fayet.
260 _aParis
_bC. Massin
_c1961
300 _a1 v. (sin paginación)
_bil., 36 láminas
_c29 cm.
500 _aAA11
650 1 4 _aMuebles renacentistas
_97835
650 1 4 _aMuebles
_zEspaña
_93568
902 _aGFM
942 _2lcc
_cB
999 _c2530
_d2530